00425nam a2200145Ia 4500008004100000082001000041100001600051245002400067260002200091630002400113730002400137942000900161999001900170952009000189100328s9999 xx 000 0 und d b20890 aMarquis Max aThe Traitor Machine bHamlyn Peperbacks aThe Traitor Machine aThe Traitor Machine cBOOK c514964d514961 00104070aRNVbRNVd2010-03-28l0pRNV-20890r2010-03-28 00:00:00w2010-03-28yBOOK